000 00584nam a22002297a 4500
003 UA-OsUOA
001 93359
007 ta
008 20130118b un ||||| |||| 00| 0 ukr d
100 _aГатри В.
090 _a821.111
_bГ23
942 _cBK
040 _aUA-OsUOA
_brus
_cUA-OsUOA
_dUA-OsUOA
245 _aПоезд мчится к славе
300 _a441 с.
955 _a3
041 _arus
080 _a821.111
260 _aМ.
_bПрогресс
_c1968
650 7 _a82 Література. Літературознавство
_2UDC
999 _c379604
_d379604